Xiu ci, fu hao, zong jiao ge yan : Yesu hui shi Gao Yizhi "Pi xue" yan jiu /

Saved in:
Bibliographic Details
Main Author: Lin, Xiqiang, (Author)
Other Authors: Vagnoni, Alfonso, 1566-1640.
Format: Book
Language:Chinese
English
Published: Xinbei Shi : Taiwan Jidu jiao wen yi chu ban she you xian gong si , 2015.
Series:Li shi wen hua cong shu (New Taipei Municipality, Taiwan) ; 7.
Subjects:
Tags: Add Tag
No Tags, Be the first to tag this record!
LEADER 02349nam a2200457Ii 4500
001 014576100-2
005 20160630135450.0
008 160508s2015 ch a b 000 0 chi d
020 |a 9789866131325 
020 |a 9866131327 
035 0 |a ocn948964107 
040 |a HUA  |b eng  |e rda  |c HUA  |d HMY 
041 0 |a chi  |a eng 
050 4 |a P301.5.M48  |b L55 2015 
100 1 |6 880-01  |a Lin, Xiqiang,  |e author. 
245 1 0 |6 880-02  |a Xiu ci, fu hao, zong jiao ge yan :  |b Yesu hui shi Gao Yizhi "Pi xue" yan jiu /  |c Lin Xiqiang zhu = Rhetoric, semiotics, and religious aphorism : a study on Alfonso Vagnone's Pixue (The science of comparison) / Hsi-Chiang Lin (Kid Lam). 
246 3 0 |6 880-03  |a Yesu hui shi Gao Yizhi "Pi xue" yan jiu 
246 3 1 |a Rhetoric, semiotics, and religious aphorism :  |b a study on Alfonso Vagnone's Pixue (The science of comparison) 
264 1 |6 880-04  |a Xinbei Shi :  |b Taiwan Jidu jiao wen yi chu ban she you xian gong si ,  |c 2015. 
300 |a xxvi, 494 pages ;  |c 21 cm. 
336 |a text  |2 rdacontent 
337 |a unmediated  |2 rdamedia 
338 |a volume  |2 rdacarrier 
490 1 |6 880-05  |a Li shi wen hua cong shu =  |a History and culture series ;  |v 7 
504 |a Includes bibliographical references (pages 343-366) 
546 |a Some text in appendix in English. 
600 1 0 |6 880-06  |a Vagnoni, Alfonso,  |d 1566-1640.  |t Pi xue. 
650 0 |a Metaphor. 
700 1 2 |6 880-07  |i Container of (work):  |a Vagnoni, Alfonso,  |d 1566-1640.  |t Pi xue. 
880 1 |6 100-01  |a 林熙強,  |e author. 
880 1 0 |6 245-02  |a 修辭・符號・宗教格言 :  |b 耶穌會士高一志《譬學》研究 /  |c 林熙強著 = Rhetoric, semiotics, and religious aphorism : a study on Alfonso Vagnone's Pixue (The science of comparison) / Hsi-Chiang Lin (Kid Lam). 
880 3 0 |6 246-03  |a 耶穌會士高一志《譬學》研究 
880 1 |6 264-04  |a 新北市 :  |b 台灣基督教文藝出版社有限公司 ,  |c 2015. 
880 1 |6 490-05  |a 歷史文化叢書 =  |a History and culture series ;  |v 7 
880 1 0 |6 600-06  |a Vagnoni, Alfonso,  |d 1566-1640.  |t 譬學. 
880 1 2 |6 700-07  |i Container of (work):  |a Vagnoni, Alfonso,  |d 1566-1640.  |t 譬學. 
830 0 |6 880-08  |a Li shi wen hua cong shu (New Taipei Municipality, Taiwan) ;  |v 7. 
880 0 |6 830-08  |a 歷史文化叢書 (New Taipei Municipality, Taiwan) ;  |v 7. 
988 |a 20160112 
049 |a HMYY 
906 |0 MH